Koeficient determinácie a ARIMA modely
Saved in:
| Main Author: | |
|---|---|
| Format: | Book Chapter |
| Language: | Slovak |
| Subjects: | |
| Tags: |
No Tags, Be the first to tag this record!
|
MARC
| LEADER | 00000naa$a2200000$$$4500 | ||
|---|---|---|---|
| 001 | 0195652 | ||
| 005 | 20240502073302.9 | ||
| 041 | 0 | |a slo | |
| 044 | |a SK | ||
| 245 | 1 | 0 | |a Koeficient determinácie a ARIMA modely |c Eva Rublíková |
| 500 | |a Abstrakt | ||
| 610 | 2 | 0 | |a štatistika aplikovaná |
| 610 | 2 | 0 | |a informácie štatistické |
| 610 | 2 | 0 | |a súbory štatistické |
| 610 | 2 | 0 | |a modely štatistické |
| 610 | 2 | 0 | |a rady časové |
| 610 | 2 | 0 | |a koeficient korelácie |
| 100 | 1 | |a Rublíková, Eva | |